000 00678cam a22002414a 4500
003 UPN
005 20240913063820.0
008 991125s1995 mx 000 0 spa d
020 _a9686581723
035 _aUPN01000012955
040 _aUPN
_bspa
_cUPN
049 _aF
050 4 _aJA71
_bL4.2
100 1 _aLechner, Norbert,
_d1939-2004
_936249
245 1 0 _aCultura política y gobernabilidad democráctica /
_cNorbert Lechner.
260 _aMéxico :
_bIFE,
_c1995.
300 _a54 p.
490 0 _aTemas de la democracia. Conferencias magistrales ;
_v1
650 4 _aDemocracia
_96020
650 4 _aCiencias políticas
_96023
905 _aLibro
942 _2lcc
_cLIBRO
999 _c12955
_d12955